ბათუმის შოთა რუსთაველის სახელმწიფო უნივერსიტეტის ბიბლიოთეკა

სამშენებლო წარმოების ტექნოლოგია (ბიბ.ჩანაწერი № 43793)

000 -LEADER
fixed length control field 00944nam a2200253Ia 4500
001 - CONTROL NUMBER
control field 10538
003 - CONTROL NUMBER IDENTIFIER
control field GE_BSU
008 - FIXED-LENGTH DATA ELEMENTS--GENERAL INFORMATION
fixed length control field 181216s||||||||xx |||||||||||||| ||und||
020 ## - INTERNATIONAL STANDARD BOOK NUMBER
International Standard Book Number 5060042847
040 ## - CATALOGING SOURCE
Transcribing agency GE_BSU
080 ## - UNIVERSAL DECIMAL CLASSIFICATION NUMBER
Universal Decimal Classification number 69.05(075.8)
100 ## - MAIN ENTRY--PERSONAL NAME
Personal name ჟორდანია,თ.ლოლაძე,ვ. ნიჟარაძე,გ და სხვ.
245 ## - TITLE STATEMENT
Title სამშენებლო წარმოების ტექნოლოგია
245 ## - TITLE STATEMENT
Remainder of title სახელმძღვანელო
245 ## - TITLE STATEMENT
Statement of responsibility, etc. თ,ჟორდანიას საერთო რედაქციით
260 ## - PUBLICATION, DISTRIBUTION, ETC.
Place of publication, distribution, etc. თბილისი
260 ## - PUBLICATION, DISTRIBUTION, ETC.
Name of publisher, distributor, etc. საქართველოს ტექ. უნ-ტი
260 ## - PUBLICATION, DISTRIBUTION, ETC.
Date of publication, distribution, etc. 2006
300 ## - PHYSICAL DESCRIPTION
Extent 330გვ;29სმ.
300 ## - PHYSICAL DESCRIPTION
Accompanying material ნახ;
653 ## - INDEX TERM--UNCONTROLLED
Uncontrolled term სამშენებლო წარმოების ტექნოლოგია
942 ## - ADDED ENTRY ELEMENTS (KOHA)
Koha item type წიგნი
ეგზემპლარები
Withdrawn status Lost status Damaged status Not for loan Date acquired Barcode Date last seen Price effective from Koha item type Public note
        2018-12-17 34549 2018-12-17 2018-12-17 წიგნი ილია ჭავჭავაძის ბიბლიოთეკა
        2018-12-17 34550 2018-12-17 2018-12-17 წიგნი საინჟინრო-ტექნოლოგიური ფაკულტეტი
        2018-12-17 34551 2018-12-17 2018-12-17 წიგნი საინჟინრო-ტექნოლოგიური ფაკულტეტი
        2018-12-17 34552 2018-12-17 2018-12-17 წიგნი საინჟინრო-ტექნოლოგიური ფაკულტეტი
        2018-12-17 34553 2018-12-17 2018-12-17 წიგნი საინჟინრო-ტექნოლოგიური ფაკულტეტი
        2018-12-17 34554 2018-12-17 2018-12-17 წიგნი საინჟინრო-ტექნოლოგიური ფაკულტეტი
        2018-12-17 34555 2018-12-17 2018-12-17 წიგნი საინჟინრო-ტექნოლოგიური ფაკულტეტი
        2018-12-17 34556 2018-12-17 2018-12-17 წიგნი საინჟინრო-ტექნოლოგიური ფაკულტეტი
        2018-12-17 34557 2018-12-17 2018-12-17 წიგნი საინჟინრო-ტექნოლოგიური ფაკულტეტი
        2018-12-17 34558 2018-12-17 2018-12-17 წიგნი საინჟინრო-ტექნოლოგიური ფაკულტეტი